000 00793cab a2200193 4500
001 ##L135192
008 061004n 000 0 eng u
035 _a(Sirsi) u135192
041 0 _aeng
100 1 _aShepherd, Mark
245 0 0 _aClause and effect
490 0 _aProperty Week
_v71(39)2006, 78-79(98)
520 _aAssesses the impact of key aspects of the revised "Code of practice for commercial leases in England and Wales", which will be officially published in November 2006. It is intended to distil the first lease code (1842190989) into a more user-friendly format.
590 _aIKA171006
650 2 4 _aCODE FOR LEASING BUSINESS PREMISES IN ENGLAND AND WALES
651 4 _aEngland and Wales
_y1543-
690 _aCOMMERCIAL LANDLORD AND TENANT-COMMERCIAL LEASES
942 _n0
999 _c77826
_d77826